LIBRARY ONLINE CATALOGUE

E-commerce / (Record no. 5792)

MARC details
000 -LEADER
fixed length control field 00696cam a22002292 4500
001 - CONTROL NUMBER
control field 0000002326
005 - DATE AND TIME OF LATEST TRANSACTION
control field 20151217151850.0
008 - FIXED-LENGTH DATA ELEMENTS--GENERAL INFORMATION
fixed length control field 070410s xx 000 0 eng d
020 ## - INTERNATIONAL STANDARD BOOK NUMBER
International Standard Book Number 0072465212 :
Terms of availability KES 700
040 ## - CATALOGING SOURCE
Original cataloging agency KABU
Transcribing agency KABU
050 #0 - LIBRARY OF CONGRESS CALL NUMBER
Classification number HF5548.32
Item number .R39
100 1# - MAIN ENTRY--PERSONAL NAME
Personal name Rayport, Jeffrey F.
-- 0000148311
245 10 - TITLE STATEMENT
Title E-commerce /
Statement of responsibility, etc. Jeffrey F. Rayport, Bernard J. Jaworski.
260 ## - PUBLICATION, DISTRIBUTION, ETC. (IMPRINT)
Place of publication, distribution, etc. Boston :
Name of publisher, distributor, etc. McGraw-Hill,
Date of publication, distribution, etc. 2001.
300 ## - PHYSICAL DESCRIPTION
Extent xxxv, 420 p.
650 #0 - SUBJECT ADDED ENTRY--TOPICAL TERM
Topical term or geographic name as entry element Electronic commerce.
-- 0000148142
650 #0 - SUBJECT ADDED ENTRY--TOPICAL TERM
Topical term or geographic name as entry element Internet marketing.
-- 0000151441
700 1# - ADDED ENTRY--PERSONAL NAME
Personal name Jaworski, Bernard J.
-- 0000148312
908 ## - PUT COMMAND PARAMETER (RLIN)
Put command parameter 070410
950 ## - LOCAL HOLDINGS (RLIN)
-- 1
Holdings
Withdrawn status Lost status Source of classification or shelving scheme Not for loan Home library Current library Date acquired Total Checkouts Full call number Barcode Date last seen Price effective from Koha item type
    Library of Congress Classification   Kabarak, Main Campus Kabarak, Main Campus 17/12/2015   HF5548.32 .R39 003642 02/08/2024 17/12/2015 General Collection